[Event "World Blitz 2015"]
[Site "Berlin GER"]
[Date "2015.10.14"]
[Round "15.85"]
[White "Carlstedt, Jonathan"]
[Black "Rabiega, Robert"]
[Result "0-1"]
[WhiteTitle "IM"]
[BlackTitle "GM"]
[WhiteElo "2442"]
[BlackElo "2503"]
[WhiteFideId "24614386"]
[BlackFideId "4601475"]
[EventDate "2015.10.13"]

1. c4 e6 2. g3 d5 3. Bg2 Nf6 4. Nf3 dxc4 5. Qa4+ Nbd7 6. Qxc4 a6 7. Qc2 c5 8.
O-O Bd6 9. Nc3 O-O 10. d4 Qe7 11. e4 cxd4 12. Nxd4 Bc5 13. Rd1 h6 14. h3 Ne5 15.
Be3 Bd7 16. Rac1 Rac8 17. Qe2 b5 18. a3 Nc4 19. Kh2 Nxe3 20. fxe3 Rfd8 21. e5
Nh7 22. Ne4 Bb6 23. Nd6 Rxc1 24. Rxc1 Qg5 25. Qf3 Rf8 26. Qf4 Qe7 27. Bc6 f6 28.
Kg2 fxe5 29. Qxe5 Ng5 30. Bxd7 Qxd7 31. h4 Bxd4 32. exd4 Nf3 33. Qc5 Qe7 34. Rf1
Qf6 35. Kh1 Qxd4 36. Qxd4 Nxd4 37. Rd1 e5 38. Ne4 Rc8 39. Nc3 Kf7 40. Kg2 Ke6
41. Kf2 Rf8+ 42. Kg2 h5 43. Rd2 a5 44. Rd1 Rc8 45. Rd2 Rc7 46. Kf2 Rf7+ 47. Kg2
Rc7 48. Kf2 Kf5 49. Kg2 b4 50. axb4 axb4 51. Na2 b3 52. Nc3 Ke6 53. Rd3 Rf7 54.
Ne4 Rc7 55. Nc3 Ra7 56. Rd1 Nc2 57. Kf2 Nd4 58. Kg2 g6 59. Kf2 Rf7+ 60. Kg2 Rc7
61. Rd2 Nf5 62. Rd3 Rc4 63. Nd1 Rc2+ 64. Kg1 Nd4 65. Kf1 Rh2 66. Kg1 Rc2 67. Kf1
Kf6 68. Kg1 Kf5 69. Rc3 Ne2+ 0-1

[Event "World Blitz 2015"]
[Site "Berlin GER"]
[Date "2015.10.14"]
[Round "15.86"]
[White "Bruedigam, Martin"]
[Black "Seel, Christian"]
[Result "0-1"]
[WhiteTitle "FM"]
[BlackTitle "IM"]
[WhiteElo "2375"]
[BlackElo "2474"]
[WhiteFideId "24608033"]
[BlackFideId "4663098"]
[EventDate "2015.10.13"]

1. e4 Nf6 2. e5 Nd5 3. d4 d6 4. Nf3 dxe5 5. Nxe5 Bf5 6. Be2 e6 7. O-O Nd7 8. Nf3
Bd6 9. c4 Nf4 10. Bxf4 Bxf4 11. Nc3 O-O 12. Re1 c6 13. g3 Bd6 14. Bf1 Nf6 15.
Bg2 Qc7 16. Qe2 Rfd8 17. Rad1 Bb4 18. a3 Bxc3 19. bxc3 Be4 20. Bh3 Qa5 21. Nd2
Bg6 22. Qe3 Qxa3 23. Ra1 Qe7 24. c5 Nd5 25. Qf3 b6 26. c4 Nb4 27. cxb6 axb6 28.
Rxa8 Rxa8 29. Bg2 Rd8 30. Nb3 h6 31. Ra1 Nc2 32. Ra6 Qb4 33. Bf1 Kh7 34. Ra7
Nxd4 35. Nxd4 Rxd4 36. Qxc6 Rd1 37. Kg2 Qe1 0-1

[Event "World Blitz 2015"]
[Site "Berlin GER"]
[Date "2015.10.14"]
[Round "15.87"]
[White "Berend, Elvira"]
[Black "Pavlovic, Milos"]
[Result "0-1"]
[WhiteTitle "WGM"]
[BlackTitle "GM"]
[WhiteElo "2370"]
[BlackElo "2481"]
[WhiteFideId "4000510"]
[BlackFideId "900389"]
[EventDate "2015.10.13"]

1. d4 Nf6 2. c4 g6 3. Nc3 Bg7 4. e4 O-O 5. Be2 d6 6. Bg5 c5 7. d5 a6 8. a4 Qa5
9. Bd2 e6 10. Nf3 exd5 11. exd5 Re8 12. O-O Qc7 13. Re1 Bg4 14. h3 Bxf3 15. Bxf3
Nbd7 16. Qc2 h5 17. Bf4 Ne5 18. Be2 Re7 19. Bf1 Rae8 20. Red1 Kh7 21. Bg5 Ned7
22. Qd2 Ne4 23. Nxe4 Rxe4 24. Bd3 R4e5 25. Bf4 R5e7 26. Rab1 Kg8 27. Bf1 Bf6 28.
b4 cxb4 29. Qxb4 Nc5 30. a5 Re4 31. Bh2 Qe7 32. Qd2 Be5 33. g3 h4 34. Bg2 Rxc4
35. Re1 hxg3 36. Bxg3 Qf6 37. Bxe5 Rxe5 38. Rxe5 Qxe5 39. Re1 Qf4 40. Qb2 Qd4
41. Qb6 Qf6 42. Qc7 Rc2 43. Rf1 Kg7 44. Qb8 Rb2 45. Qc7 Nd3 46. Qc4 Nf4 47. Qe4
Rd2 48. Re1 Nxh3+ 49. Kh2 Nxf2 50. Qe3 Ng4+ 0-1

[Event "World Blitz 2015"]
[Site "Berlin GER"]
[Date "2015.10.14"]
[Round "15.88"]
[White "Lagunow, Raphael"]
[Black "Thiede, Lars"]
[Result "1-0"]
[BlackTitle "IM"]
[WhiteElo "2164"]
[BlackElo "2437"]
[WhiteFideId "24652644"]
[BlackFideId "4607759"]
[EventDate "2015.10.13"]

1. Nf3 Nf6 2. g3 g6 3. Bg2 Bg7 4. O-O O-O 5. c4 d6 6. Nc3 e5 7. d4 Nbd7 8. e4
exd4 9. Nxd4 Re8 10. h3 a6 11. Re1 Ne5 12. b3 c5 13. Nde2 Rb8 14. f4 Nc6 15. a4
Qc7 16. Rb1 Bd7 17. Bb2 Rbd8 18. Qd2 Bc8 19. Rbd1 Na5 20. Qc2 Qb6 21. Nc1 Bd7
22. g4 h5 23. g5 Nh7 24. Nd5 Qa7 25. Bxg7 Kxg7 26. Qc3+ Kg8 27. Qxa5 Bc6 28.
Ne7+ Kf8 29. Nxc6 bxc6 30. e5 d5 31. cxd5 cxd5 32. Rxd5 Rxd5 33. Bxd5 c4+ 34.
Kg2 Qd4 35. Qb4+ Kg7 36. Qxc4 Qa7 37. Nd3 Nf8 38. Qc5 Qb8 39. Qd4 Kg8 40. Qc4
Rc8 41. Qb4 Rc2+ 42. Kg3 Qd8 43. Qb7 Qe8 44. Rc1 Rd2 45. Nc5 Rd4 46. Ne4 Rd3+
47. Kg2 Kg7 48. Nf6 Rd2+ 49. Kh1 Rxd5 50. Nxe8+ Kg8 51. Qxd5 Ne6 52. Nf6+ Kg7
53. Rc8 a5 54. Rg8# 1-0

[Event "World Blitz 2015"]
[Site "Berlin GER"]
[Date "2015.10.14"]
[Round "15.90"]
[White "Hovhannisyan, Mher"]
[Black "Hilverda, Alexander"]
[Result "1-0"]
[WhiteTitle "IM"]
[WhiteElo "2499"]
[BlackElo "2384"]
[WhiteFideId "13300865"]
[BlackFideId "4695437"]
[EventDate "2015.10.13"]

1. e4 c5 2. c3 Nf6 3. e5 Nd5 4. d4 cxd4 5. cxd4 Nc6 6. Nc3 Nxc3 7. bxc3 d6 8. f4
e6 9. Bd3 Be7 10. Ne2 b6 11. O-O Bb7 12. Qe1 dxe5 13. fxe5 Nxe5 14. Bb5+ Nd7 15.
Qg3 O-O 16. Bh6 g6 17. Bxf8 Bxf8 18. Qf4 Qe7 19. Qc7 Nf6 20. Qxe7 Bxe7 21. a4
Nd5 22. a5 a6 23. Bd3 b5 24. Be4 Rb8 25. Rfc1 Nf4 26. Nxf4 Bxe4 27. Re1 Bb7 28.
Nd3 Rc8 29. Ne5 f6 30. Nf3 Kf7 31. Re3 Bd5 32. Rae1 b4 33. cxb4 Bxb4 34. Rb1
Bxa5 35. Ra1 Bc3 36. Rc1 Bxd4 37. Rxc8 Bxe3+ 38. Kf1 Ke7 39. Ke2 Bf4 40. g3
Bxf3+ 41. Kxf3 Bd2 42. Rh8 a5 43. Rxh7+ Kd6 44. Rh8 e5 45. Rd8+ Ke6 46. Rxd2 1-0

[Event "World Blitz 2015"]
[Site "Berlin GER"]
[Date "2015.10.14"]
[Round "15.91"]
[White "Carstensen, Jacob"]
[Black "Cordeiro, Marco Aurelio Zaror"]
[Result "1-0"]
[WhiteTitle "IM"]
[WhiteElo "2352"]
[BlackElo "2228"]
[WhiteFideId "1404180"]
[BlackFideId "2117991"]
[EventDate "2015.10.13"]

1. d4 c5 2. d5 f5 3. h3 Nf6 4. g4 fxg4 5. hxg4 Nxg4 6. Qd3 Ne5 7. Qg3 d6 8. f4
Nf7 9. Nf3 Bf5 10. Nc3 Bxc2 11. e4 g6 12. Qf2 Bxe4 13. Nxe4 Bg7 14. Bd2 Nd7 15.
Nfg5 Nxg5 16. Nxg5 Bf6 17. Ne6 Qb6 18. Bc3 Bxc3+ 19. bxc3 Nf6 20. O-O-O Qa5 21.
Bb5+ Kf7 22. Ng5+ Kg7 23. Qe3 Ng8 24. Bd7 h6 25. Ne6+ Kh7 26. f5 g5 27. Nxg5+
Kg7 28. Rdg1 hxg5 29. Qxg5+ 1-0

[Event "World Blitz 2015"]
[Site "Berlin GER"]
[Date "2015.10.14"]
[Round "15.92"]
[White "Wendt, Jan-Dietrich"]
[Black "Sawlin, Leonid"]
[Result "1-0"]
[WhiteTitle "FM"]
[WhiteElo "2332"]
[BlackElo "2258"]
[WhiteFideId "4623797"]
[BlackFideId "4689542"]
[EventDate "2015.10.13"]

1. Nf3 d5 2. d4 Nf6 3. c4 e6 4. Nc3 Be7 5. Bg5 O-O 6. e3 Nbd7 7. Rc1 dxc4 8.
Bxc4 a6 9. O-O b5 10. Bd3 Bb7 11. Qe2 c5 12. Rfd1 Qb6 13. Ne5 Rfe8 14. Nxd7 Nxd7
15. Bxe7 Rxe7 16. dxc5 Nxc5 17. Bb1 Rc8 18. b4 Nd7 19. Ne4 Rxc1 20. Rxc1 Re8 21.
Qd3 Nf8 22. Nc5 Bd5 23. a3 Rc8 24. e4 Bc6 25. g3 Rd8 26. Qe3 e5 27. Ba2 Rd4 28.
Qf3 Be8 29. Qf5 Qd6 30. Bd5 Ng6 31. Nb7 Qd7 32. Qxd7 Bxd7 33. Rc7 Bh3 34. f3 1-0

[Event "World Blitz 2015"]
[Site "Berlin GER"]
[Date "2015.10.14"]
[Round "15.93"]
[White "Zepeda, Lorena"]
[Black "Vogel, Roven"]
[Result "0-1"]
[WhiteTitle "WIM"]
[WhiteElo "2106"]
[BlackElo "2417"]
[WhiteFideId "6700233"]
[BlackFideId "12908088"]
[EventDate "2015.10.13"]

1. e4 d6 2. d4 Nf6 3. Nc3 g6 4. Bg5 Bg7 5. f4 O-O 6. Nf3 c6 7. e5 Nd5 8. Nxd5
cxd5 9. Bd3 Nc6 10. c3 Qb6 11. Qd2 Bg4 12. O-O-O a5 13. h3 Bxf3 14. gxf3 Rac8
15. Kb1 f6 16. exf6 exf6 17. Bh4 f5 18. Rde1 a4 19. Re2 a3 20. b3 Nxd4 21. Bf2
Rxc3 22. Qxc3 Nxe2 23. Qxg7+ Kxg7 24. Bxb6 Nxf4 25. Bc2 Re8 26. h4 Re2 27. Bc7
d4 28. Rd1 Nd5 29. Rxd4 Nxc7 30. Rxd6 Nb5 31. Bd3 Rb2+ 32. Kc1 Nxd6 0-1

[Event "World Blitz 2015"]
[Site "Berlin GER"]
[Date "2015.10.14"]
[Round "15.94"]
[White "Koehler, Gerhard2"]
[Black "Thornton, Giovanni Antonio"]
[Result "1-0"]
[WhiteElo "2173"]
[BlackElo "2207"]
[WhiteFideId "12909700"]
[BlackFideId "4300963"]
[EventDate "2015.10.13"]

1. c4 e5 2. Nc3 Bb4 3. g3 Bxc3 4. dxc3 d6 5. Bg2 Nf6 6. Nf3 O-O 7. O-O Be6 8. b3
h6 9. Ne1 Qc8 10. Nc2 Bh3 11. Ne3 Nc6 12. Nd5 Nxd5 13. cxd5 Ne7 14. c4 Bxg2 15.
Kxg2 f5 16. Bb2 f4 17. Qd3 Qg4 18. Qf3 Qg6 19. Qc3 Nf5 20. h3 fxg3 21. fxg3 Qg5
22. Bc1 Qg6 23. Bb2 Nd4 24. Qd3 Qxd3 25. exd3 Nf5 26. Bc1 Rae8 27. Bd2 Nd4 28.
Rxf8+ Rxf8 29. Rf1 Rxf1 30. Kxf1 Kf7 31. Be3 Nf5 32. Bf2 a6 33. Ke2 c6 34. dxc6
bxc6 35. g4 Ne7 36. Kf3 Ke6 37. Be3 Ng6 38. Kg3 Ne7 39. Kf3 Ng8 40. Kg3 Nf6 41.
Kf3 d5 42. cxd5+ cxd5 43. b4 Ne8 44. a4 Nd6 45. Bc5 Nb7 46. Bf8 Kf7 47. Bc5 g6
48. Be3 h5 49. gxh5 gxh5 50. Kg3 Kg6 51. Kf3 Kf5 52. b5 axb5 53. axb5 d4 54. Bd2
Ke6 55. Bb4 Kd5 56. Bf8 Nc5 57. Bxc5 Kxc5 58. Ke4 Kxb5 59. Kxe5 Kc5 60. Ke4 Kd6
61. Kxd4 Ke6 62. Kc5 Kf5 63. d4 Kg5 64. d5 Kh4 65. d6 Kxh3 66. d7 h4 67. d8=Q
Kg3 68. Qg5+ Kh3 1-0

[Event "World Blitz 2015"]
[Site "Berlin GER"]
[Date "2015.10.14"]
[Round "16.3"]
[White "Gelfand, Boris"]
[Black "Karjakin, Sergey"]
[Result "1/2-1/2"]
[WhiteTitle "GM"]
[BlackTitle "GM"]
[WhiteElo "2741"]
[BlackElo "2762"]
[WhiteFideId "2805677"]
[BlackFideId "14109603"]
[EventDate "2015.10.13"]

1. d4 Nf6 2. c4 e6 3. Nf3 d5 4. Bg5 h6 5. Bxf6 Qxf6 6. g3 dxc4 7. Qa4+ Bd7 8.
Qxc4 Bc6 9. Bg2 Nd7 10. Nc3 Be7 11. e4 O-O 12. O-O Rfd8 13. Rfe1 e5 14. Nd5 Bxd5
15. exd5 exd4 16. Nxd4 Bc5 17. Rad1 Bb6 18. Qc3 Re8 19. Nf3 Qd6 20. Nd2 Qc5 21.
Qxc5 Bxc5 22. Rxe8+ Rxe8 23. Kf1 Nf6 24. h3 Rd8 25. Ne4 Nxe4 26. Bxe4 Bd6 27.
Rd3 g6 28. Rb3 b6 29. Rd3 Re8 30. Bf3 h5 31. h4 Kg7 32. Bd1 Re4 33. Bf3 Ra4 34.
a3 Rc4 35. Bd1 Rc1 36. a4 Rb1 37. b3 Rb2 38. Re3 Rd2 39. Be2 Rxd5 40. Bc4 Rd2
41. Rf3 f5 42. Rd3 Rb2 43. Re3 Rd2 44. Re2 Rd1+ 45. Re1 Rd4 46. Re8 Bc5 47. Re2
f4 48. Kg2 c6 49. Kf3 fxg3 50. fxg3 Rd7 51. Re6 Bd6 52. Bd3 Rf7+ 53. Kg2 Rf6 54.
Rxf6 Kxf6 55. Be4 c5 56. Bd3 g5 57. hxg5+ Kxg5 58. Kf3 Kf6 59. Bb5 Be7 60. Be8
Kg5 61. Bf7 a6 62. Bc4 a5 1/2-1/2

[Event "World Blitz 2015"]
[Site "Berlin GER"]
[Date "2015.10.14"]
[Round "16.4"]
[White "Aronian, Levon"]
[Black "Melkumyan, Hrant"]
[Result "1/2-1/2"]
[WhiteTitle "GM"]
[BlackTitle "GM"]
[WhiteElo "2784"]
[BlackElo "2622"]
[WhiteFideId "13300474"]
[BlackFideId "13302485"]
[EventDate "2015.10.13"]

1. e4 e5 2. Nf3 Nc6 3. Bb5 Nf6 4. O-O Nxe4 5. Re1 Nd6 6. Nxe5 Be7 7. Bf1 O-O 8.
Nc3 Nxe5 9. Rxe5 c6 10. d4 Bf6 11. Re1 Re8 12. Bf4 Rxe1 13. Qxe1 Nf5 14. d5 d6
15. Rd1 c5 16. Bd3 Nd4 17. Ne4 Bg4 18. Rd2 Be5 19. Bxe5 dxe5 20. c3 Nf5 21. Nxc5
Nd6 22. h3 Qc7 23. Ne4 Bd7 24. c4 b6 25. b3 a5 26. Re2 Nxe4 27. Rxe4 Re8 28. Qd2
f5 29. Re1 Qd6 30. f3 h6 31. Qf2 Re7 32. Kh1 g6 33. Qh4 Kg7 34. Qg3 g5 35. Qf2
Kf6 36. a3 Qc5 37. Qb2 Qd4 38. Qxd4 exd4 39. Rxe7 Kxe7 40. b4 axb4 41. axb4 Kd6
42. Kg1 f4 43. Kf2 h5 44. Ke2 Bc8 45. Bg6 g4 46. Bxh5 gxh3 47. gxh3 Bxh3 48. Bg4
Bxg4 49. fxg4 b5 50. c5+ Kxd5 51. g5 Ke4 52. g6 f3+ 53. Kf2 d3 54. g7 d2 55.
g8=Q d1=Q 56. Qe6+ Kf4 57. Qe3+ Kg4 58. Qe4+ Kg5 59. Qe5+ Kg4 60. Qe4+ Kg5 61.
c6 Kh6 62. Qf4+ Kg7 63. Qg4+ Kf6 64. Qf4+ Ke6 65. Qe3+ Kd6 66. Qc5+ Kc7 67. Qxb5
Qc2+ 68. Kxf3 Qxc6+ 69. Qxc6+ Kxc6 1/2-1/2

[Event "World Blitz 2015"]
[Site "Berlin GER"]
[Date "2015.10.14"]
[Round "16.7"]
[White "Tomashevsky, Evgeny"]
[Black "Ghaem Maghami, Ehsan"]
[Result "1/2-1/2"]
[WhiteTitle "GM"]
[BlackTitle "GM"]
[WhiteElo "2758"]
[BlackElo "2596"]
[WhiteFideId "4147235"]
[BlackFideId "12500739"]
[EventDate "2015.10.13"]

1. c4 Nf6 2. Nc3 e6 3. Nf3 d5 4. d4 dxc4 5. e3 a6 6. Bxc4 b5 7. Bd3 Bb7 8. b3
Nbd7 9. Bb2 c5 10. O-O Be7 11. Rc1 O-O 12. a4 b4 13. Nb1 cxd4 14. Nxd4 Nc5 15.
Be2 Rc8 16. Nd2 Nfe4 17. Nxe4 Nxe4 18. Bf3 Rxc1 19. Qxc1 Qa8 20. Qc7 Bd6 21. Qa5
h6 22. Qh5 Nc3 23. Rc1 Rc8 24. Bxc3 bxc3 25. Bxb7 Qxb7 26. Qf3 Qb6 27. g3 Be5
28. Qd1 Bxd4 29. exd4 Qb4 30. d5 Rd8 31. Qd3 Rxd5 32. Qxc3 Rd1+ 33. Kg2 Qb7+ 34.
Kh3 Rxc1 1/2-1/2

[Event "World Blitz 2015"]
[Site "Berlin GER"]
[Date "2015.10.14"]
[Round "16.8"]
[White "Wojtaszek, Radoslaw"]
[Black "Vovk, Yuri"]
[Result "0-1"]
[WhiteTitle "GM"]
[BlackTitle "GM"]
[WhiteElo "2734"]
[BlackElo "2617"]
[WhiteFideId "1118358"]
[BlackFideId "14113171"]
[EventDate "2015.10.13"]

1. d4 Nf6 2. c4 g6 3. Nc3 d5 4. Bf4 Bg7 5. e3 O-O 6. Rc1 Be6 7. c5 Bc8 8. Bd3 c6
9. Bg5 Re8 10. f4 Bf5 11. Bxf5 gxf5 12. Bxf6 Bxf6 13. Qh5 e6 14. Nf3 Nd7 15. g4
fxg4 16. Rg1 Kh8 17. Rxg4 Rg8 18. Rg3 Qe7 19. Ke2 Rg6 20. Rxg6 fxg6 21. Qg4 b6
22. b4 a5 23. a3 axb4 24. axb4 bxc5 25. bxc5 Ra3 26. Ne5 Bxe5 27. fxe5 Kg7 28.
Kf2 Nf8 29. Ne2 h5 30. Qg3 Nh7 31. Rg1 Qf7+ 32. Nf4 g5 33. Kg2 Kh6 34. Ne2 Qf5
35. Rf1 Qe4+ 36. Qf3 Rxe3 37. Qxe4 Rxe4 38. Kf2 Kg6 39. Rb1 g4 40. Rb6 Ng5 41.
Rxc6 Nh3+ 42. Kf1 Nf4 43. Nxf4+ Rxf4+ 44. Ke2 Kf5 45. Ke3 Rf3+ 46. Ke2 Rh3 47.
Rc8 Rxh2+ 48. Ke3 Rh3+ 49. Kf2 Ke4 50. Re8 Kxd4 51. c6 Rc3 52. Rxe6 h4 53. Rg6
g3+ 54. Kg2 Kxe5 55. Rg4 Rxc6 56. Rxh4 Rg6 57. Rh5+ Ke4 58. Rh4+ Ke3 59. Rh8 d4
60. Re8+ Kd2 61. Rd8 d3 62. Rd7 Ke2 63. Re7+ Kd1 64. Rd7 d2 65. Rd8 Rc6 0-1

[Event "World Blitz 2015"]
[Site "Berlin GER"]
[Date "2015.10.14"]
[Round "16.9"]
[White "Nepomniachtchi, Ian"]
[Black "Leko, Peter"]
[Result "1/2-1/2"]
[WhiteTitle "GM"]
[BlackTitle "GM"]
[WhiteElo "2705"]
[BlackElo "2707"]
[WhiteFideId "4168119"]
[BlackFideId "703303"]
[EventDate "2015.10.13"]

1. c4 c5 2. Nf3 Nf6 3. Nc3 Nc6 4. d4 cxd4 5. Nxd4 e6 6. g3 Qb6 7. Nb3 Ne5 8. Bg2
Nxc4 9. O-O Bb4 10. Bg5 d5 11. Bxf6 gxf6 12. Bxd5 Bxc3 13. Bxc4 Be5 14. Nd2 Bd7
15. Nf3 O-O-O 16. Nxe5 fxe5 17. Qc1 Bc6 18. Qg5 Qxb2 19. Rfc1 Kb8 20. Rab1 Qd4
21. Bb5 Be4 22. Bc6 Bxc6 23. Rxc6 Qe4 24. Qc1 Rd7 25. Rc4 Qxe2 26. Rc2 Qe4 27.
Rc4 Qd5 28. Qc3 Rhd8 29. Rc1 a6 30. a4 f6 31. a5 Qb5 32. Kg2 Rd3 33. Rc8+ Ka7
34. Rxd8 Rxc3 35. Rxc3 Qxa5 36. Rdc8 Qd5+ 37. Kh3 Qe4 38. R8c7 h5 39. Re3 Qg4+
40. Kg2 Qd4 41. Rh7 Qg4 42. h3 Qg6 43. Re7 Qg8 44. Rd3 a5 45. Rdd7 Qc8 46. Rc7
Qb8 47. Rc5 Qd6 48. Rcc7 Qd5+ 49. Kg1 a4 50. Red7 Qe4 51. Rd1 a3 52. Rc3 Qb4 53.
Rdd3 Qb1+ 54. Kg2 a2 55. Ra3+ Kb8 56. Rd8+ Kc7 57. Rda8 e4 58. Rxa2 f5 59. R8a3
Qb4 60. Rc2+ Kd6 61. Rcc3 Ke5 62. Rab3 Qd4 63. Rc2 Qd5 64. Re3 b5 65. Rb2 Kd6
66. Kh2 Kc6 67. Rc3+ Kb6 68. Rcb3 Qe5 69. h4 Qd5 70. Kg1 Qc4 71. Rb4 Qd3 72.
R4b3 Qd5 73. Kh2 Ka5 74. Ra3+ Kb6 75. Rab3 Qc5 76. Kg2 Qc6 77. Kh2 Qd5 78. Kg1
Qc4 79. Rb4 Qc1+ 80. Kg2 Qc6 81. Kh2 Ka5 82. R4b3 Qc4 83. Ra3+ Kb6 84. Rab3 Qd5
85. Rb4 Qe5 86. Kg2 Kc6 87. Rc2+ Kb6 88. Rcb2 Ka5 89. R4b3 Qc5 90. Ra2+ Kb6 91.
Rab2 Qd5 92. Kh2 Qe5 93. Kg2 Qc5 94. Kh2 Kc6 95. Kg2 Qe5 96. Rc2+ Kb6 97. Rcb2 1/2-1/2

[Event "World Blitz 2015"]
[Site "Berlin GER"]
[Date "2015.10.14"]
[Round "16.11"]
[White "Mamedov, Rauf"]
[Black "Kasimdzhanov, Rustam"]
[Result "1/2-1/2"]
[WhiteTitle "GM"]
[BlackTitle "GM"]
[WhiteElo "2657"]
[BlackElo "2704"]
[WhiteFideId "13401653"]
[BlackFideId "14200244"]
[EventDate "2015.10.13"]

1. c4 e6 2. g3 d5 3. Bg2 Nf6 4. Nf3 dxc4 5. Qa4+ Bd7 6. Qxc4 c5 7. Ne5 Qc8 8.
Nxd7 Qxd7 9. O-O Nc6 10. Nc3 Be7 11. d3 O-O 12. Be3 Rac8 13. Qa4 b6 14. Rac1
Rfd8 15. Rfd1 Nd5 16. Bd2 Bf6 17. Nxd5 exd5 18. b4 Qe7 19. bxc5 Nd4 20. Re1 bxc5
21. e3 Ne6 22. Ba5 Rd6 23. d4 Qb7 24. dxc5 Ra6 25. c6 Qb6 26. Bxb6 Rxa4 27. Bd4
Bxd4 28. exd4 Rxd4 29. Re5 Rc4 30. Rxc4 dxc4 31. Bd5 Kf8 32. Bxe6 fxe6 33. Rc5
Ke7 34. Rxc4 Kd6 35. Ra4 Rc7 36. Ra6 Kc5 37. a4 Kb4 38. Kg2 Rf7 39. f4 Kc5 40.
Kf3 e5 41. c7 Rxc7 42. fxe5 Kd5 43. e6 Ke5 44. Kg4 Re7 45. h4 Kf6 46. Kf4 h5 47.
g4 hxg4 48. Kxg4 Rxe6 49. Rxa7 Re4+ 50. Kg3 Rb4 51. a5 Rb3+ 52. Kg2 Rb4 53. Ra6+
Kf7 54. Ra7+ Kf6 55. Ra6+ Kf7 56. Kg3 Rb3+ 57. Kg4 Rb4+ 58. Kg5 Rb5+ 59. Kf4
Rb4+ 60. Ke5 Rxh4 61. Rb6 Ra4 62. a6 g6 63. Kd5 Kg7 64. Kc5 Kh6 65. Kb5 Ra1 66.
Rb7 Kg5 67. Rc7 Rb1+ 68. Kc6 Ra1 69. Kb6 Rb1+ 70. Ka7 Kf4 71. Rb7 Ra1 72. Rb4+
Kf3 73. Rb5 Kf4 74. Kb6 Rxa6+ 75. Kxa6 g5 76. Rb1 g4 77. Kb5 g3 78. Kc4 Ke3 79.
Rb3+ Kf2 80. Rb2+ Kf1 81. Kd3 g2 1/2-1/2

[Event "World Blitz 2015"]
[Site "Berlin GER"]
[Date "2015.10.14"]
[Round "16.13"]
[White "Onischuk, Vladimir"]
[Black "Korobov, Anton"]
[Result "0-1"]
[WhiteTitle "GM"]
[BlackTitle "GM"]
[WhiteElo "2612"]
[BlackElo "2700"]
[WhiteFideId "14114038"]
[BlackFideId "14105730"]
[EventDate "2015.10.13"]

1. e4 c5 2. Nf3 d6 3. d4 cxd4 4. Nxd4 Nf6 5. Nc3 Nc6 6. g3 e6 7. Bg2 Bd7 8. O-O
Be7 9. h3 O-O 10. g4 Nxd4 11. Qxd4 Bc6 12. Be3 Nd7 13. f4 e5 14. Qd2 exf4 15.
Bxf4 Qb6+ 16. Kh1 Qxb2 17. Rab1 Qa3 18. Rb3 Qa6 19. Bxd6 Bxd6 20. Qxd6 Nb6 21.
Nd5 Qxa2 22. Ne7+ Kh8 23. Qd2 Rad8 24. Qf2 Qa4 25. Re3 Nc4 26. Rd3 Ne5 27. Rxd8
Rxd8 28. Qh4 0-1

[Event "World Blitz 2015"]
[Site "Berlin GER"]
[Date "2015.10.14"]
[Round "16.16"]
[White "Navara, David"]
[Black "Eljanov, Pavel"]
[Result "1-0"]
[WhiteTitle "GM"]
[BlackTitle "GM"]
[WhiteElo "2734"]
[BlackElo "2717"]
[WhiteFideId "309095"]
[BlackFideId "14102951"]
[EventDate "2015.10.13"]

1. d4 Nf6 2. c4 e6 3. Nf3 b6 4. g3 Bb7 5. Bg2 Be7 6. O-O O-O 7. Re1 d5 8. cxd5
exd5 9. Nc3 Ne4 10. Qc2 Nc6 11. a3 Bf6 12. Rd1 Re8 13. Be3 Ne7 14. Nxe4 dxe4 15.
Nd2 Nf5 16. Bxe4 Rxe4 17. Nxe4 Qd5 18. Bf4 Qxe4 19. Qxe4 Bxe4 20. Be5 Rd8 21.
Rac1 Nxd4 22. Rxd4 Rxd4 23. Bxd4 Bxd4 24. Rxc7 Bf5 25. Rxa7 g5 26. b4 Be6 27. a4
Kf8 28. Rc7 Ke8 29. e3 Bf6 30. Rc6 Bd8 31. Rc1 Kd7 32. Kf1 g4 33. Ke2 Be7 34. a5
Bxb4 35. a6 Bd5 36. Rd1 1-0

[Event "World Blitz 2015"]
[Site "Berlin GER"]
[Date "2015.10.14"]
[Round "16.17"]
[White "Anand, Viswanathan"]
[Black "Nguyen, Ngoc Truong Son"]
[Result "1-0"]
[WhiteTitle "GM"]
[BlackTitle "GM"]
[WhiteElo "2803"]
[BlackElo "2634"]
[WhiteFideId "5000017"]
[BlackFideId "12401110"]
[EventDate "2015.10.13"]

1. e4 e5 2. Nf3 Nc6 3. Bb5 a6 4. Ba4 Nf6 5. O-O Be7 6. d3 d6 7. c3 O-O 8. Re1
Be6 9. Nbd2 b5 10. Bc2 Nd7 11. d4 exd4 12. cxd4 d5 13. e5 Nb4 14. Nb3 Nxc2 15.
Qxc2 a5 16. a4 bxa4 17. Rxa4 Bb4 18. Bd2 Bxd2 19. Qxd2 Qb8 20. Qc3 Qb5 21. Rxa5
Rxa5 22. Nxa5 c5 23. dxc5 Nxc5 24. Nd4 Qb6 25. Nac6 Ne4 26. Qa3 h6 27. f3 Rc8
28. Ne7+ Kh7 29. Nxc8 Bxc8 30. Qd3 Ba6 31. Qe3 Ng5 32. h4 Ne6 33. Nxe6 Qxe6 34.
Qd4 h5 35. Ra1 Bc4 36. Ra3 Qf5 37. Kh2 Qc2 38. Ra7 Bf1 39. Qg1 Bc4 40. Qe3 Qxb2
41. Rxf7 d4 42. Qe4+ 1-0

[Event "World Blitz 2015"]
[Site "Berlin GER"]
[Date "2015.10.14"]
[Round "16.18"]
[White "Vitiugov, Nikita"]
[Black "Ponomariov, Ruslan"]
[Result "1/2-1/2"]
[WhiteTitle "GM"]
[BlackTitle "GM"]
[WhiteElo "2725"]
[BlackElo "2710"]
[WhiteFideId "4152956"]
[BlackFideId "14103320"]
[EventDate "2015.10.13"]

1. Nf3 Nf6 2. g3 b6 3. Bg2 Bb7 4. O-O e6 5. d3 d5 6. Nbd2 c5 7. c3 Nc6 8. e4 Be7
9. Re1 Qc7 10. a3 dxe4 11. dxe4 Nd7 12. Qe2 Nde5 13. Nxe5 Nxe5 14. Nf3 Nxf3+ 15.
Bxf3 O-O 16. Bf4 e5 17. Be3 c4 18. Rad1 Rad8 19. Bg2 a6 20. h4 b5 21. h5 h6 22.
Rxd8 Rxd8 23. Rd1 Bc8 24. Bf3 Rxd1+ 25. Qxd1 Qd7 26. Qxd7 Bxd7 27. Be2 Kf8 28.
f3 Ke8 29. Kf1 Be6 30. g4 Kd7 31. Ke1 Kc6 32. Kd2 Bc5 33. Bxc5 Kxc5 34. Ke3 Kd6
35. Bd1 Ke7 36. a4 Kf6 37. axb5 axb5 38. f4 Bd7 39. Be2 g6 40. g5+ hxg5 41.
fxe5+ Kg7 42. hxg6 Kxg6 43. Bd1 Kg7 44. b3 Be6 45. bxc4 Bxc4 46. Bg4 Kf8 47. Kd4
Ke7 48. Bh5 Kd7 49. Bg4+ Kc6 50. Bh5 Be6 51. Bd1 Kb6 52. Bc2 Ka5 53. Bd1 Kb6 54.
Be2 g4 55. Ke3 g3 56. Bd3 Bg4 57. Bc2 Kc5 58. Bd3 g2 59. Kf2 Bf3 60. Kg1 b4 61.
cxb4+ Kxb4 62. Bb1 Kb3 63. Kf2 Kb2 64. Bd3 Kc3 65. Bb5 Bxe4 66. Be8 Bd5 67. Bxf7
Bxf7 68. e6 Bxe6 69. Kxg2 1/2-1/2

[Event "World Blitz 2015"]
[Site "Berlin GER"]
[Date "2015.10.14"]
[Round "16.19"]
[White "Savchenko, Boris"]
[Black "Petrosian, Tigran L."]
[Result "0-1"]
[WhiteTitle "GM"]
[BlackTitle "GM"]
[WhiteElo "2567"]
[BlackElo "2625"]
[WhiteFideId "4147332"]
[BlackFideId "13301616"]
[EventDate "2015.10.13"]

1. Nf3 d6 2. g3 e5 3. c4 g6 4. Bg2 Bg7 5. d4 e4 6. Ng5 f5 7. h4 Nc6 8. d5 Ne5 9.
Be3 Nf6 10. Bd4 O-O 11. Nd2 c6 12. Qb3 c5 13. Be3 Neg4 14. Bf4 Nh5 15. e3 Nxf4
16. gxf4 h6 17. Ne6 Bxe6 18. dxe6 h5 19. Qxb7 Rb8 20. Qxa7 Re8 21. Nxe4 Re7 22.
Qa6 Rb6 23. Qa5 fxe4 24. Rb1 Rxe6 25. b3 Kh7 26. Rd1 Re8 27. Rd5 Nf6 28. Rg5 Bh6
29. Rg3 Rb7 30. Qd2 d5 31. cxd5 Rd7 32. Qc2 Rxd5 33. O-O Ng4 34. Bxe4 Qxh4 35.
Bxg6+ Kg7 36. Rg2 Red8 37. Qe4 Rd1 38. Qc2 Rxf1+ 39. Kxf1 Qh1+ 40. Rg1 Nh2+ 41.
Ke2 Qxg1 42. Bf5 Qf1# 0-1